Logo BPK

Biblioteka

Politechniki Koszalińskiej

Laboratorium elementów automatyki. (Rekord nr 2688)

Szczegóły MARC
000 -ETYKIETA REKORDU
podpole kontrolne o stałej długości 00511nam a2200169 i 4500
001 - NUMER KONTROLNY REKORDU
pole kontrolne bg
040 ## - ŹRÓDŁO KATALOGOWANIA
Instytucja, która utworzyła rekord BPK
041 ## - KOD JĘZYKA
Kod języka tekstu pol
080 ## - UNIWERSALNA KLASYFIKACJA DZIESIĘTNA - UKD
UKD 629.12:621.31:681.5](075.8)
008 - POLE O STAŁEJ DŁUGOŚCI - DANE KONTROLNE
podpole kontrolne o stałej długości s pl f |000 0 pol
100 1# - NAZWA OSOBOWA
Nazwa osobowa DĄDELA, Janusz
245 #0 - TYTUŁ/ODPOWIEDZIALNOŚĆ
Tytuł Laboratorium elementów automatyki.
Oznaczenie części/sekcji dzieła Cz. 1,
Tytuł części/sekcji dzieła Badania elektrycznych aparatów analogowych systemu URS /
Pozostałe elementy strefy tytułu i oznaczenia odpowiedzialności J. Dądela, J. Galbas, K. Kamiński.
260 ## - STREFA ADRESU WYDAWNICZEGO
Miejsce wydania Gdynia,
Data publikacji, dystrybucji/powstania dokumentu 1985.
700 1# - HASŁO DODATKOWE - NAZWA OSOBOWA
Nazwa osobowa GALBAS, Jerzy
700 1# - HASŁO DODATKOWE - NAZWA OSOBOWA
Nazwa osobowa KAMIŃSKI, Krzysztof
856 ## - LOKALIZACJA I DOSTĘP DO ELEKTRONICZNYCH DOKUMENTÓW ZDALNYCH
Link (URL) http://koha.tu.koszalin.pl/cgi-bin/koha/opac-detail.pl?biblionumber=2688
Tekst linku Katalog online BPK
942 ## - DODATKOWE ELEMENTY (KOHA)
Typ dokumentu Książka
Egzemplarze
Wycofany Status egzemplarza Uszkodzony Dostępność Lokalizacja stała Lokalizacja bieżąca Miejsce przechowywania Sygnatura Kod kreskowy Typ dokumentu
      Dostępny Biblioteka Politechniki Koszalińskiej Biblioteka Politechniki Koszalińskiej Wypożyczalnia BG P 34992 01885026 Książka
© 2023 Biblioteka Politechniki Koszalińskiej :: KOHA